Normal view
MARC view
- Magner, Joseph A.
Entry Personal Name
001 - CONTROL NUMBER
- control field: 24680
003 - CONTROL NUMBER IDENTIFIER
- control field: NUST
005 - DATE AND TIME OF LATEST TRANSACTION
- control field: 20191024105402.0
008 - FIXED-LENGTH DATA ELEMENTS
- fixed length control field: 191024|| aca||aabn | a|a d
040 ## - CATALOGING SOURCE
- Original cataloging agency: NUST
- Transcribing agency: NUST
100 ## - HEADING--PERSONAL NAME
- Personal name: Magner, Joseph A.
670 ## - SOURCE DATA FOUND
- Source citation: Work cat.: (NUST)0: Brooks, Kenneth N. 13066, Hydrology and the management of watersheds /, 2013.
